| 000 | 00620nam a22001937a 4500 | ||
|---|---|---|---|
| 999 |
_c186833 _d186833 |
||
| 005 | 20220321121320.0 | ||
| 010 | _aENG-132033 | ||
| 020 |
_a9789385471742 _c100.00 |
||
| 035 | _aEN-115565 | ||
| 037 | _bDBAD | ||
| 082 | _aN | ||
| 100 | _aJeevakumaran's, V. | ||
| 245 |
_aGomathi/ _bV.Jeevakumaran's and Translated by S. Visweswaran |
||
| 260 |
_aChennai _bUnique Media Integrators _c2017 |
||
| 270 |
_aNo. 8, 6th Cross, 8th Main Road, Vaishnavi Nagar, Thirumullaivoyal _bChennai _e600109 _mumi.infobooks@gmail.com |
||
| 300 |
_a104p _c21cm(pbk) |
||
| 700 | _aTranslated by S. Visweswaran | ||
| 942 |
_2ddc _cEN _hN _mJEV |
||